| 000 | 02476nam a22003374i 4500 | ||
|---|---|---|---|
| 001 | 991061597660606706 | ||
| 003 | ES-BaIT | ||
| 005 | 20260203094017.0 | ||
| 008 | 260127s2022 sp 000 d cat c | ||
| 017 |
_aDL PM 573-2021 _bOficina DL Mallorca |
||
| 020 | _a9788412429831 | ||
| 040 |
_aES-BaIT _bcat _erda _cES-BaIT |
||
| 080 | _a849.9-2"19" | ||
| 100 | 1 |
_aCasas, Joan, _d1950- _eautor _912189 |
|
| 245 | 1 | 3 |
_aLa Cantant barbuda : _buna introducció al teatre de l'estúpid / _cJoan Casas i Feliu Formosa ; pròleg: Miquel Mallafré ; il·lustracions i coberta Feliu Formosa |
| 264 | 1 |
_aMallorca : _bAdia Edicions, _c2022 |
|
| 300 |
_a137 pàgines _b; _c20 cm |
||
| 336 |
_atext _btxt _2rdacontent |
||
| 337 |
_asense mediació _bn _2rdamedia |
||
| 338 |
_avolum _bnc _2rdacarrier |
||
| 490 | 1 |
_aCol·lecció Jàssera ; _v1 |
|
| 505 | 8 | _aConté: Diàlegs -- Programes de mà -- Dramatis personae -- Teatrins | |
| 520 | _a"Estimats lectors,Què hi fem aquí reunits, llegint? Em temo que vostès, com jo mateix i aquests senyors del meu costat, hem estat engatussats per aquells senyors d’allà. Aquells senyors d’allà són els autors d’aquest artefacte que tenen a les mans a punt de llegir. Un moment, sisplau, tinguin una mica de paciència. Espero i desitjo que riguin les gràcies del llibre encara que no n’hi trobin cap, tinguin un gest de commiseració. Perquè, ben mirat, tots som víctimes d’aquell sabadellenc que feia intervius a les òlibes del campanar de la parròquia de Sant Fèlix. Un senyor que, no content amb l’assumpte de les òlibes, també va fer conversar una mula que fumava cigarretes amb un elefant boig al qual li agradaven els toros i atipar-se de percebes! En fi, ja em diran! Fer l’animal, en dic jo d’això! Perquè ho entenguin, aquell sensacional Senyor Banyeta de Sabadell és qui va inspirar els nostres escriptors, o sigui, aquests dos senyors estarrufats de la portada. D’aquesta inspiració n’han dit, ni més ni menys i sense pretensions, La cantant barbuda. Una introducció al teatre de l’estúpid! Doncs ja està tot dit.Vostès mateixos! Joaquim Armengol Roura -- Contracoberta | ||
| 650 | 0 |
_aTeatre de l'absurd _vTextos dramàtics _979538 |
|
| 700 | 1 |
_aFormosa, Feliu, _d1934- _eautor, _eil·lustrador _919853 |
|
| 700 | 1 |
_aMallafré Santilario, Miquel _eescriptor d'un pròleg _9168294 |
|
| 830 |
_aCol·lecció Jàssera _v1 _9168250 |
||
| 908 | _aCDMAE | ||
| 940 | _aCVA38 | ||
| 942 |
_2udc _c1 |
||
| 999 |
_c136996 _d136996 |
||